Проектирование информационных систем: цикл лабораторных работ; методические указания

التفاصيل البيبلوغرافية
المؤلف الرئيسي: Мирошниченко Е. А. Евгений Александрович
مؤلف مشترك: Томский политехнический университет (ТПУ)
مؤلفون آخرون: Шестаков Н. А. Николай Александрович
اللغة:الروسية
منشور في: Томск, Изд-во ТПУ, 2008
التنسيق: كتاب
KOHA link:https://koha.lib.tpu.ru/cgi-bin/koha/opac-detail.pl?biblionumber=154842

MARC

LEADER 00000nam0a2200000 4500
001 154842
005 20260421100142.0
035 |a (RuTPU)RU\TPU\book\167942 
090 |a 154842 
100 |a 20090305d2008 m y0rusy50 ca 
101 0 |a rus 
102 |a RU 
105 |a a a 001zy 
200 1 |a Проектирование информационных систем  |e цикл лабораторных работ  |e методические указания  |f Е. А. Мирошниченко, Н. А. Шестаков  |g Томский политехнический университет (ТПУ) 
210 |a Томск  |c Изд-во ТПУ  |d 2008 
452 1 |0 (RuTPU)RU\TPU\book\204727  |t Проектирование информационных систем  |o цикл лабораторных работ  |o методические указания  |f Е. А. Мирошниченко, Н. А. Шестаков  |g Томский политехнический университет (ТПУ)  |c Томск  |n Изд-во ТПУ  |d 2008  |a Мирошниченко, Евгений Александрович 
700 1 |a Мирошниченко  |b Е. А.  |c специалист в области информатики и вычислительной техники  |c доцент Томского политехнического университета, кандидат технических наук  |f 1972-  |g Евгений Александрович 
701 1 |a Шестаков  |b Н. А.  |c специалист в области информатики и вычислительной техники  |c программист Томского политехнического университета  |f 1981-  |g Николай Александрович 
712 0 2 |a Томский политехнический университет (ТПУ)  |c (1991- )  |3 (RuTPU)RU\TPU\col\376 
801 1 |a RU  |b 63413507  |c 20090305  |g PSBO 
801 2 |a RU  |b 63413507  |c 20101209  |g RCR 
942 |c BK